[Event "Politiken Cup 35th"]
[Site "Helsingor"]
[Date "2013.08.01"]
[Round "7"]
[White "Zyde, Fadmal"]
[Black "Nielsen, Ejgild"]
[Result "1-0"]
[WhiteElo "1675"]
[BlackElo "1900"]
[PlyCount "120"]
[EventDate "2013.07.27"]
[EventType "swiss"]
[EventRounds "10"]
[EventCountry "DEN"]
[SourceTitle "CBM 155 Extra"]
[Source "ChessBase"]
[SourceDate "2013.08.26"]
[SourceVersion "1"]
[SourceVersionDate "2013.08.26"]
[SourceQuality "1"]

1. e4 c6 2. d4 d5 3. exd5 cxd5 4. Nf3 Bg4 5. h3 Bf5 6. Bd3 Bxd3 7. Qxd3 Qb6 8. Nc3 e6 9. 0-0 Nd7 10. Re1 Ngf6 11. Ne5 Rd8 12. Ne2 Nxe5 13. dxe5 Ne4 14. Nd4 a6 15. c3 Rc8 16. f3 Nc5 17. Qe2 Qc7 18. Bf4 Qd8 19. Kh2 Be7 20. Be3 0-0 21. Nc2 Na4 22. Nd4 Bg5 23. f4 Bh6 24. Rf1 g6 25. Rf2 Bg7 26. Qg4 Nc5 27. Rd1 Qe7 28. h4 Ne4 29. Rf3 Rce8 30. h5 f5 31. Qh3 g5 32. g4 gxf4 33. Bxf4 Ng5 34. Qg3 Ne4 35. Qh3 h6 36. gxf5 Ng5 37. Bxg5 Bxe5+ 38. Bf4 exf5 39. Rg1+ Kh7 40. Bxe5 Qxe5+ 41. Qg3 Rf6 42. Qxe5 Rxe5 43. Rgf1 f4 44. Rxf4 Rxh5+ 45. Kg3 Rg5+ 46. Kh4 Rb6 47. b3 Rbg6 48. Rf7+ Kg8 49. Rf8+ Kh7 50. R1f7+ Rg7 51. Rxg7+ Rxg7 52. Rd8 Rc7 53. Rxd5 Rxc3 54. Rd7+ Kg8 55. Rxb7 Rd3 56. Nf5 Rd2 57. Nxh6+ Kf8 58. a4 Rd4+ 59. Kg5 Ke8 60. Kf5 Kd8 1-0

[Event "Politiken Cup 35th"]
[Site "Helsingor"]
[Date "2013.07.30"]
[Round "5"]
[White "Kistrup, Nicolai"]
[Black "Nielsen, Ejgild"]
[Result "1-0"]
[WhiteElo "1623"]
[BlackElo "1900"]
[PlyCount "75"]
[EventDate "2013.07.27"]
[EventType "swiss"]
[EventRounds "10"]
[EventCountry "DEN"]
[SourceTitle "CBM 155 Extra"]
[Source "ChessBase"]
[SourceDate "2013.08.26"]
[SourceVersion "1"]
[SourceVersionDate "2013.08.26"]
[SourceQuality "1"]

1. d4 Nf6 2. Nf3 d5 3. c4 Bf5 4. Qb3 b6 5. e3 e6 6. Nc3 Be7 7. Ne5 0-0 8. cxd5 exd5 9. Bb5 Be6 10. 0-0 a6 11. Qa4 Bd6 12. Bd3 Nfd7 13. f4 f6 14. Nf3 b5 15. Qc2 h6 16. Nh4 b4 17. Bh7+ Kf7 18. Qg6+ Ke7 19. Qxg7+ Rf7 20. Ng6+ Ke8 21. Qg8+ Nf8 22. Nxf8 Bxf8 23. Bg6 f5 24. Ne2 Nd7 25. Bxf7+ Bxf7 26. Qg3 Nf6 27. Qe1 Bd6 28. Bd2 Qe7 29. Qc1 c5 30. dxc5 Bxc5 31. Nd4 Bg6 32. Qc2 Ne4 33. Bxb4 Rc8 34. Qa4+ Kf7 35. Bxc5 Nxc5 36. Qa3 Qe4 37. Nf3 Nd3 38. Qxd3 1-0

[Event "Politiken Cup 35th"]
[Site "Helsingor"]
[Date "2013.07.27"]
[Round "1"]
[White "Bekker Jensen, Simon"]
[Black "Nielsen, Ejgild"]
[Result "1-0"]
[WhiteElo "2414"]
[BlackElo "1900"]
[PlyCount "101"]
[EventDate "2013.07.27"]
[EventType "swiss"]
[EventRounds "10"]
[EventCountry "DEN"]
[SourceTitle "CBM 155 Extra"]
[Source "ChessBase"]
[SourceDate "2013.08.26"]
[SourceVersion "1"]
[SourceVersionDate "2013.08.26"]
[SourceQuality "1"]

1. d4 Nf6 2. c4 e6 3. Nc3 Bb4 4. e3 0-0 5. Nge2 d5 6. a3 Be7 7. cxd5 exd5 8. Nf4 c6 9. Bd3 b6 10. 0-0 Ba6 11. f3 Qc8 12. b4 Qd7 13. b5 cxb5 14. Qb3 b4 15. axb4 Bxd3 16. Nxd3 Rd8 17. b5 Qe8 18. Nf4 Bd6 19. Nfxd5 Nxd5 20. Nxd5 Qe6 21. e4 Nd7 22. Ba3 Nf8 23. Bxd6 Qxd6 24. Rfc1 Ne6 25. Rc6 Qd7 26. Qb4 h6 27. Rd1 Kh7 28. f4 Rdc8 29. Rd6 Qe8 30. e5 Nc7 31. Nxc7 Rxc7 32. d5 Rc5 33. Rc6 Rc8 34. d6 Qd7 35. Rxc8 Rxc8 36. Qb1+ g6 37. Rc1 Rc5 38. Rxc5 bxc5 39. Qd3 h5 40. h3 h4 41. Qd5 Kg7 42. Qxc5 Qf5 43. Qd4 Qb1+ 44. Kh2 Qe1 45. e6+ f6 46. Qxa7+ Kh6 47. d7 Qg3+ 48. Kh1 Qe1+ 49. Qg1 Qd2 50. b6 Qd5 51. b7 1-0